Investičná pomoc v Slovenskej republike: nástroj na podporu okresov s vysokou nezamestnanosťou?

Všeobecný prehľad investičných projektov podporených štátnou pomocou v SR. Formy poskytnutých investičných stimulov v SR (2002-2016). Investičná pomoc z hľadiska podporených regiónov. Komparatívna analýza podpory podľa typov podporených okresov. Komparácia kumulatívnej výšky podpory s ohľadom na m...

Celý popis

Uložené v:
Podrobná bibliografia
Hlavný autor: Balejová, Martina, 1990-
Médium: Kapitola
Jazyk:Slovak
Predmet:
Tagy: Pridať tag
Žiadne tagy, Buďte prvý, kto otaguje tento záznam!

MARC

LEADER 00000nla a2200000 4500
001 0236268
005 20240502073824.9
041 0 |a slo 
044 |a SK 
245 1 0 |a Investičná pomoc v Slovenskej republike: nástroj na podporu okresov s vysokou nezamestnanosťou?  |c Martina Balejová 
520 |a Všeobecný prehľad investičných projektov podporených štátnou pomocou v SR. Formy poskytnutých investičných stimulov v SR (2002-2016). Investičná pomoc z hľadiska podporených regiónov. Komparatívna analýza podpory podľa typov podporených okresov. Komparácia kumulatívnej výšky podpory s ohľadom na mieru nezamestnanosti okresov. 
610 2 0 |a investície priame zahraničné 
610 2 0 |a stimuly 
610 2 0 |a pomoc štátna 
610 2 0 |a podpora štátna 
610 2 0 |a nezamestnanosť 
610 2 0 |a regióny 
610 2 0 |a okresy 
610 2 0 |a Slovensko 
100 1 |a Balejová, Martina, 1990-